Statistics for 東京都の市区町村(1950年)

Click here to take the quiz!

General Stats

  • This quiz has been taken 72 times
  • The average score is 49 of 109

Answer Stats

Answer% Correct
台東区
100%
江東区
100%
杉並区
98%
世田谷区
98%
葛飾区
98%
中央区
98%
八王子市
97%
江戸川区
97%
練馬区
97%
板橋区
97%
北区
97%
千代田区
97%
渋谷区
97%
大田区
97%
品川区
97%
新宿区
97%
中野区
95%
目黒区
95%
荒川区
95%
墨田区
95%
足立区
95%
立川市
95%
港区
93%
文京区
92%
豊島区
90%
武蔵野市
85%
青梅町
78%
田無町
76%
保谷町
76%
国分寺町
75%
町田町
75%
三鷹町
73%
調布町
73%
日野町
73%
府中町
73%
小平町
68%
青ヶ島村
66%
清瀬村
66%
小金井町
66%
福生町
64%
稲城村
61%
村山村
61%
檜原村
61%
利島村
59%
狛江村
59%
神津島村
58%
久留米村
58%
御蔵島村
58%
拝島村
56%
五日市町
56%
大和村
54%
東村山町
54%
三宅村
54%
瑞穂町
53%
多摩村
53%
谷保村
46%
砂川村
36%
昭和町
36%
新島本村
29%
浅川町
24%
氷川町
24%
鶴川村
22%
由木村
22%
神代村
22%
小宮村
22%
堺村
20%
南村
19%
東秋留村
17%
多磨村
17%
岡田村
14%
西府村
14%
元八王子村
12%
西秋留村
12%
元村
12%
調布村
10%
小河内村
10%
恩方村
8%
差木地村
8%
増戸村
8%
若郷村
8%
坪田村
7%
波浮港村
7%
野増村
7%
阿古村
7%
古里村
7%
西多摩村
7%
大久野村
7%
鳥打村
5%
三根村
5%
平井村
5%
由井村
5%
大賀郷村
5%
泉津村
5%
忠生村
5%
中之郷村
3%
七生村
3%
末吉村
3%
横山村
3%
小曾木村
3%
樫立村
3%
多西村
3%
宇津木村
3%
成木村
3%
吉野村
3%
川口村
2%
三田村
2%
加住村
2%
霞村
2%
戸倉村
2%

Score Distribution

Percentile by Number Answered

Percent of People with Each Score

Your Score History

You have not taken this quiz